00663nam a22002057a 4500003000500000005001700005008004100022010001000063011001000073035001000083040000900093110000800102245007400110260002300184300001000207490008300217650001800300710005600318830008300374CHAP20220817042448.0971013s1983 r 00010 d a45497 a46469 a50610 cCHAP aFAO aPlanificación del desarrollo de la acuiculturab: guía preliminar aRoma :bFAO,c1983 a32 p. aFAO. Programa de desarrollo y coordinación de la acuicultura, ADCP/REP/83/2014aPiscicultura.0 aPrograma de las Naciones Unidas para el Desarrollo.0 aFAO. Programa de desarrollo y coordinación de la acuicultura, ADCP/REP/83/20